Quizzes
Events
Quiz Creation
Community
Videos
Private Events
Remove Ads
Sign In
Join for FREE
Feedback
Dark Mode
Quiz Categories
Sports
Geography
Music
Movies
Television
Just For Fun
Miscellaneous
History
Literature
Language
Science
Gaming
Entertainment
Religion
Holiday
For Kids
Quiz Lab
Recent
Popular Today
Quiz Kudos Today
Editor Picks
Curator Picks
Quizzes by...
Day
Popularity
Type
Ratings
Length
Year
Community
Subscriptions
Recent Discussions
Orange Saloon
Badges
Playlists
Quests
Create
Leaderboards
Showdown
Live 5
Trivia Bingo
Activity
Puzzle Library
Sporcle Events
Private Events
Virtual Trivia
Globe League
Become a Host
Pub Owners
SporcleCon
Opinionation
Our Games
Videos
Blog
Mobile Apps
Partnerships
Remove Ads and Go Orange
Feedback
Gaming
Video Games
Board Games
Card Games
Pokémon
Mario
Nintendo
Minecraft
Console
Toys
Legend of Zelda
Gaming
Video Games
Board Games
Card Games
Pokémon
Mario
Nintendo
Minecraft
Console
Toys
Legend of Zelda
Random Quiz
Search Sporcle
×
Quiz Lab
Quiz Lab
Gaming
Legend of Zelda
Type in answers that appear in a list
Type in answers that appear in a list
Classic
Best Score? Go Orange.
Gaming Quiz Stats
How god are your Gaming memories?
By
speechvideosnow
5m
20 Questions
56 Plays
56 Plays
56 Plays
Comments
Comments
Give Quiz Kudos
Give Quiz Kudos
-
- Ratings
hide this ad
Replay
Link that replays current quiz
Next Quiz
Link to next quiz in quiz playlist
You Got
0%
They Got
Avg Score
41%
Avg Friend Score
Upgrade to see
Score Distribution
Jump to the score distribution portion of the page
Score
0/20
Timer
05:00
0
Plays Today
Hint
Answer
% Correct
In Tomb Raider, what is the main character name?
Lara Croft
78.6%
In Pacman, what is the blue ghost called?
Inky
66.1%
In the Sims, How many games are there now?
4
64.3%
In Galaga, how many shields do you have?
3
60.7%
In Little Big Planet 3, How many characters are now playable?
3
60.7%
In Pokemon, what was the leaf starter Pokemon?
Bulbasaur
57.1%
In Wii Sports Resort, is skydiving multiplayer?
No
57.1%
What Else do you need to make a cake in Minecraft, other then milk, wheat, and sugar?
Eggs
53.6%
In Fallout 3, what age do you have your birthday party?
10
51.8%
In Portal, what is the A.I. that talks to you throughout the game?
Glados
48.2%
Hint
Answer
% Correct
In Splatoon, What animal are you?
A Squid
42.9%
In Super Mario 64, what is the cap that makes you heavy?
The Metal Cap
33.9%
In Portal 2, where does wheatly go at the end of the game?
The Moon
28.6%
In Donkey Kong, what is the ladies name?
Pauline
26.8%
In Half-
Life, What is the entity that talks to Gordan Freeman?
Gman
25%
In Majoras Mask, what Creepypasta was formed?
Ben Drowned
25%
In Mario, what does Toad say at the end of each castle?
Your Princess is in another castle!
23.2%
In Five Nights At Freddys, what is freddys song called?
Toreador March
7.1%
In Tetris, what happens when you fill in a line?
The Line Dissapears
5.4%
In Silent Hill, what is the animal that you see everywhere?
A Bunny
5.4%
Quiz Playlist
Details
Report
Send in Message
Add To Playlist
Classic:
Type in answers that appear in a list
Last Updated: Feb 16, 2017
Quiz Scoreboard
CHALLENGE
Sign Up to Join the Scoreboard
Show All
Scores
Hide
Comments
May contain spoilers
Recently Published
Popular People in 1961
by mucciniale
History
6m
1-10 Letter E Words III
by El_Dandy
Language
2m
One Thing in Common: World Cities II
by knightlancer
Geography
7m
More to Explore
Quiz From the Vault
Featured Blog Post
Where Did the Easter Bunny Come From?
hide this ad
You Might Also Like...
Tags
Grab Bag Quiz
Legend of Zelda Quiz
Mario Quiz
Video Games Quiz
Today's Top Quizzes in Gaming
Browse Gaming
hide this ad
Today's Top Quizzes in Legend of Zelda
Browse Legend of Zelda
Top Contributed Quizzes in Gaming
1
Destiny 2 exotic weapons by perk icons
2
Who's on the WWE 2K24 Cover?
3
Windmill: Pokémon
4
Genshin Impact Logic Puzzle
5
Overwatch 2: Ultimate Ability Icons
6
Overwatch 2 Heroes by Selection Quote
7
Genshin murder mystery
8
Legendary or Exotic?
9
Overwatch Logic Puzzle
10
Genshin Impact Logic Puzzle Quiz II
Explore More
Trending Topics
Disney
Anime
Harry Potter
Crossword
Kpop
Marvel
NBA
Pokémon
NFL
Song
Country
WWE
The Office
Soccer
Puzzle
hide this ad
More By:
speechvideosnow
Quiz
Plays
Rating
Category
Featured
Created
Gaming Quiz
56
1.25
Gaming
Feb 16, 2016
Go to Creator's Profile
Score Distribution
Quiz Creator Spotlight
speechvideosnow
Follow
Send a Message
Quizzes Created
-
Created Quiz Play Count
-
More By This Creator
Popular Quizzes Today
1
Find the US States - No Outlines Minefield
2
The Countries of the World
3
Popular People in 1961
4
Find the Countries of Europe - No Outlines Minefield
5
1-10 Letter E Words III
6
Find the US States
7
One Thing in Common: World Cities II
8
US States
More Gaming Quizzes
WoW TBC: Dungeons by Loading Screen
Quiz Lab
Trending Quizzes
Country Music Stars Doing Things
Get the Picture: Carrie or Dolly
1-10 Letter F Words
1-10 Letter G Words
Risky Map Clicking: Next State Alphabetically
Recently Updated
Leaping Animals
pecheneg
Reality TV Shows (A-Z)
bhenderson79
Rickey Henderson's Hall of Fame Teammates
pecheneg
Champions League XIs: Arsenal
pecheneg
Quick Pick: Celebrities in WWE's Hall of Fame
aduchscher
A-Z Keypad Blitz II
pecheneg
Multiple Oscar Actors
pecheneg
Mystery Phrase Blitz: Oscar 'Best Actors'
pecheneg
F. Scott Fitzgerald Novels
LTH
Pick 3 Villains
ddd62291
Trending Topics
Anime
Marvel
Disney
NBA
Harry Potter
Crossword
Kpop
Pokémon
NFL
The Office
Country
WWE
Song
Soccer
Puzzle
Your Account Isn't Verified!
In order to create a playlist on Sporcle, you need to verify the email address you used during registration. Go to your
Sporcle Settings
to finish the process.
Report this User
Report this user for behavior that violates our
Community Guidelines
.
Details:
Send Report
Go to the Sporcle.com Mobile Site →
Comments